Management essentials: a recipe for business success

Saved in:
Bibliographic Details
Main Author: BANERJEE, Arindam
Format: Book
Language:English
Published: Sage Publishers, 2013.
Tags: Add Tag
No Tags, Be the first to tag this record!

MARC

LEADER 00000nam a22000007a 4500
008 210416b ||||| |||| 00| 0 eng d
020 |a 978-81-321-1103-0 
100 |a BANERJEE, Arindam.  
245 |a Management essentials:   |b a recipe for business success  |c Arindam Banerjee  |g xxiv, 141p 
260 |b Sage Publishers,  |c  2013.  |h Los Angeles:   |i 693427   |i 693428   |l HD31 .B22  |m Management. 
500 |a “It includes references”. 
942 |a lcc  |c BK  |e Adeniran F.A  |f 16/04/2021 
952 |0 0  |1 0  |2 lcc  |4 0  |6 HD0031 B22  |7 0  |9 2142  |a HOL  |b MPL  |c GJ  |d 2021-04-16  |l 0  |o HD31 .B22  |p 2021-5996  |r 2021-04-16 00:00:00  |w 2021-04-16  |y BK 
952 |0 0  |1 0  |2 lcc  |4 0  |6 HD0031 B22  |7 0  |9 2143  |a HOL  |b HOL  |c GJ  |d 2021-04-16  |l 0  |o HD31 .B22  |p 2021-5997  |r 2021-04-16 00:00:00  |w 2021-04-16  |y BK 
999 |c 1113  |d 1113